000 00701nam a2200169Ia 4500
999 _c1590
_d1590
020 _a81-210-0271-0
082 _a307.7720954 TRI-
245 0 _aTribal transformation in India
260 _aNew Delhi
_bInter-India Publications
_c1992
300 _axxxiii, 594p.
440 _aTribal studies of India series; T 147-151
500 _aContents:Vol.2. Socio-Economic and Ecological development - v.3. Ethnopolitics & Identity crisis
504 _aIncludes index, bibliography
650 _aTribes - Economic conditions - India - Tribes - Social conditions - India - Ethnicity - India - India - Ethnic relations - Political aspects - Ethnology - India
700 _aChaudhuri, Buddhadeb
942 _cBK